| 000 | 00000nam##2200000za#4500 |
| 001 | 9.644246 |
| 003 | CaOODSP |
| 005 | 20210624224544 |
| 007 | cr ||||||||||| |
| 008 | 150407|1971||||xxc|||||o f|0| 0 fre|d |
| 040 | |aCaOODSP|bfre |
| 043 | |an-cn--- |
| 086 | 1 |aA53-1430/1971F-PDF |
| 110 | 1 |aCanada.|bAgriculture Canada. |bService de l'information. |
| 245 | 13|aLe rutabaga / |h[ressource électronique]|c[par] Eugene Godbout. |
| 260 | |aOttawa - Ontario : |bAgriculture Canada. |cc1971. |
| 300 | |a40p.|bill., tableaux |
| 500 | |aSommaire: Recommandations.--Introduction.--Caractéristiques.--Adaptation.--Cultiva rs.--Inoculation et fertilisation.--Semis.--Désherbage.--Utilisation et régie.--Production de semences.--Maladies et insectes. Cette publication a déjà été signalée sur la Liste spéciale 1991 n° 12 (le 31 décembre 1991). |
| 500 | |aPublication historique numérisée par Agriculture et Agroalimentaire Canada. |
| 590 | |a15-02-Supp|b2015-02-16 |
| 720 | 1 |aGodbout, Eugene |
| 856 | 40|ahttp://publications.gc.ca|qPDF|s3292 Ko|uhttps://publications.gc.ca/collections/collection_2015/aac-aafc/A53-1430-1971-fra.pdf |
| 986 | |aPublication 1430 |